Credit Lyonnais Bank Slovakia
Rozhovor s generálnym riaditeľom a.s. Credit Lyonnais Bank Slovakia ing. V. Valachom o vývine slovenského bankovníctva a o otvorení novej komerčnej banky. Klientela a špecifiká banky, aktivity v medzinárodnom obchode.
Na minha lista:
| Autor principal: | |
|---|---|
| Formato: | Capítulo de Livro |
| Idioma: | eslovaco |
| Assuntos: | |
| Tags: |
Sem tags, seja o primeiro a adicionar uma tag!
|
MARC
| LEADER | 00000naa a2200000 4500 | ||
|---|---|---|---|
| 001 | r015837 | ||
| 005 | 20221205085842.4 | ||
| 041 | 0 | |a slo | |
| 044 | |a SK | ||
| 245 | 1 | 0 | |a Credit Lyonnais Bank Slovakia |c Soňa Babincová |
| 520 | |a Rozhovor s generálnym riaditeľom a.s. Credit Lyonnais Bank Slovakia ing. V. Valachom o vývine slovenského bankovníctva a o otvorení novej komerčnej banky. Klientela a špecifiká banky, aktivity v medzinárodnom obchode. | ||
| 610 | 2 | 0 | |a bankovníctvo |
| 610 | 2 | 0 | |a Slovensko |
| 610 | 2 | 0 | |a Credit Lyonnais Bank Slovakia |
| 610 | 2 | 0 | |a banky obchodné |
| 100 | 1 | |a Babincová, Soňa | |